Matching: Show and Character Quiz Stats

 Plays Quiz not verified by Sporcle

Challenge
Share
Tweet
Embed
Score 0/25 Timer 03:00
0 Plays Today
% Correct
Eric Cartman
89.3%
Carlton Banks
87%
Barney Rubble
86.6%
Steve Urkel
86.2%
Cliff Huxtable
85.3%
Sheldon Cooper
76.1%
Al Borland
75.9%
Lisa Cuddy
73.6%
Edith Bunker
73%
Cliff Clavin
72.5%
The Church Lady
70.2%
Jim Halpert
67.9%
Jed Bartlet
56.2%
% Correct
Jethro Gibbs
55.1%
Richard Kimble
53.2%
Mike Flaherty
45.9%
Danielle Rousseau
44.7%
Montgomery Scott
43%
Chloe O'Brian
41.7%
Matt Dillon
37.1%
Baldrick
28.7%
Sam Axe
28.5%
Jack O'Neill
24.7%
Arthur Branch
23.9%
Manuel
23.1%

You're not logged in!

Compare scores with friends on all Sporcle quizzes.
Join for Free
OR
Log In

You Might Also Like...

Show Comments

Extras

Top Quizzes Today


Score Distribution

Your Account Isn't Verified!

In order to create a playlist on Sporcle, you need to verify the email address you used during registration. Go to your Sporcle Settings to finish the process.

Report this User

Report this user for behavior that violates our Community Guidelines.

Details: